000 00838nam a2200229Ia 4500
003 GCL
005 20240530105614.0
008 140319s9999 xx 000 0 ara d
020 _a2107305977
040 _aGCL /
_cGCL
082 0 4 _aق
_b727
_bم م
100 1 _aالمجلس الاعلى للاثار
245 1 0 _aمسجد ومدرسة عبدالغنى الفخرى (البنات) /
_cالمجلس الاعلى للاثار
260 _aالقاهرة :
_bالمجلس الاعلى للاثار ،
_c1999
300 _a26 سم ؛
_c20 سم
650 0 4 _aمصر - الاثار الاسلامية
650 0 4 _aالمساجد - عمارة
650 0 4 _aالمدارس - عمارة
650 0 4 _aمسجد ومدرسة عبد الغنى الفخرى
650 0 4 _aالمدارس - مبانى - ترميم
942 _2ddc
_cBK
999 _c56851
_d56851